<?xml version="1.0" encoding="UTF-8"?>
<record
    xmlns:xsi="http://www.w3.org/2001/XMLSchema-instance"
    xsi:schemaLocation="http://www.loc.gov/MARC21/slim http://www.loc.gov/standards/marcxml/schema/MARC21slim.xsd"
    xmlns="http://www.loc.gov/MARC21/slim">

  <leader>00300nam a22001337a 4500</leader>
  <controlfield tag="003">OSt</controlfield>
  <controlfield tag="005">20260122115329.0</controlfield>
  <datafield tag="020" ind1=" " ind2=" ">
    <subfield code="a">9780134678320</subfield>
  </datafield>
  <datafield tag="040" ind1=" " ind2=" ">
    <subfield code="c">Pearson</subfield>
  </datafield>
  <datafield tag="082" ind1=" " ind2=" ">
    <subfield code="a">570</subfield>
  </datafield>
  <datafield tag="245" ind1=" " ind2=" ">
    <subfield code="a">Biological Science</subfield>
    <subfield code="c">by Freeman, Scott / Quillin, Kim [etal.]</subfield>
  </datafield>
  <datafield tag="260" ind1=" " ind2=" ">
    <subfield code="b">Pearson</subfield>
  </datafield>
  <datafield tag="942" ind1=" " ind2=" ">
    <subfield code="2">ddc</subfield>
    <subfield code="c">BOOKS</subfield>
  </datafield>
  <datafield tag="999" ind1=" " ind2=" ">
    <subfield code="c">3617</subfield>
    <subfield code="d">3617</subfield>
  </datafield>
  <datafield tag="952" ind1=" " ind2=" ">
    <subfield code="0">0</subfield>
    <subfield code="1">0</subfield>
    <subfield code="2">ddc</subfield>
    <subfield code="4">0</subfield>
    <subfield code="7">0</subfield>
    <subfield code="a">1</subfield>
    <subfield code="b">1</subfield>
    <subfield code="d">2026-01-22</subfield>
    <subfield code="i">19368</subfield>
    <subfield code="l">0</subfield>
    <subfield code="o">570 Fre 2020</subfield>
    <subfield code="p">19368</subfield>
    <subfield code="r">2026-01-22 11:54:45</subfield>
    <subfield code="w">2026-01-22</subfield>
    <subfield code="y">BOOKS</subfield>
  </datafield>
</record>
